[Event "New York Winter Invitational IM-C 2022"]
[Site "New York"]
[Date "2022.01.14"]
[Round "1.1"]
[White "Uyanga, Byambaa"]
[Black "Rahul Srivatshav P"]
[Result "0-1"]
[WhiteElo "2063"]
[BlackElo "2466"]
[Annotator "TA"]
[PlyCount "58"]
[EventDate "2022.01.11"]
[EventType "tourn"]
[EventCountry "USA"]
[SourceTitle "playchess.com"]
[Source "ChessBase"]
[SourceQuality "1"]

{[%evp 14,58,27,29,20,0,13,11,36,0,-1,0,0,0,0,-4,8,14,17,-29,-29,-31,-29,-50,-45,-82,-81,-70,-79,-298,-302,-487,-484,-641,-659,-648,-645,-647,-653,-645,-633,-585,-412,-823,-783,-884,-816]} 1. e4 e6 2. d4 d5 3. Nc3 Nf6 4. Bg5 dxe4 5. Nxe4 Be7 6. Bxf6 gxf6 7. Nf3 f5 8. Nc3 a6 {C13: French: Classical System: 4 Bg5 Be7, Alekhine-Chatard Attack.} 9. Qd2 b5 10. O-O-O Bb7 {The position is equal. was the old line (10...Qd6).} 11. Qe3 {[%cal Od4d5] Hoping for d5!} Nd7 12. d5 Bc5 13. Nd4 $1 e5 {[#] aiming for ...Qe7.} 14. f4 e4 $132 {[%mdl 2048] [#] Black is fighting back} (14... Bxd4 15. Rxd4 f6 16. Be2 $14) 15. g4 $146 {Black should prevent Bh3.} ({Predecessor:} 15. a3 h5 16. Qh3 Bxd4 17. Rxd4 Qf6 18. Rd2 O-O-O 19. Be2 Rhe8 20. Rhd1 Nb6 21. Kb1 {0-1 (62) Figueiras,J (2309)-Mende,I (2312) ICCF email 2012}) 15... Nf6 16. gxf5 (16. g5 $142 Nxd5 17. Qh3) 16... Qe7 $1 $11 (16... Bxd5 17. Bg2 Qd6 18. Bxe4 $14) 17. Bg2 $1 {[%cal Rg2e4]} O-O-O 18. Rhe1 {[%cal Rc3e4]} (18. Nxe4 Bxd5 19. Rhe1 Nxe4 20. Bxe4 Rhe8 21. Bxd5 Qxe3+ 22. Rxe3 Rxe3 $17) 18... Rhe8 19. Qh3 ({Wrong is} 19. Bxe4 $2 b4 20. Na4 (20. d6 $2 cxd6 21. Qd3 bxc3 $19) 20... Nxe4 21. Qxe4 Qxe4 $19) 19... Bxd5 20. Nxd5 Rxd5 21. Nc6 {This move loses the game for White.} (21. Nb3 $17 {is a better defense.} Rxd1+ 22. Rxd1) 21... Qd6 $1 $19 {[%csl LRc6,LRf4]} 22. Ne5 (22. Rxd5 {was the only defense.} Nxd5 23. f6+ Kb7 24. Na5+ Kb8 25. Qg3) 22... Rd8 {[%cal Rd5d1]} 23. Rxd5 Qxd5 24. Nd3 {[#]} Bb4 $1 {[%cal Od5a2][%mdl 512]} 25. c3 Qxd3 26. Qxd3 exd3 ({Not} 26... Rxd3 27. cxb4 Rd4 28. a3 $17) 27. Kd2 Bf8 28. Bf1 (28. Re3 $142) 28... c5 29. c4 bxc4 {Weighted Error Value: White=0.58/Black=0.09 (flawless)} 0-1

[Event "New York Winter Invitational IM-C 2022"]
[Site "New York"]
[Date "2022.01.14"]
[Round "2.2"]
[White "Narayanan, Samrug"]
[Black "Dukic, Zachary"]
[Result "1-0"]
[WhiteElo "2320"]
[BlackElo "2140"]
[Annotator "TA"]
[PlyCount "103"]
[EventDate "2022.01.11"]
[EventType "tourn"]
[EventCountry "USA"]
[SourceTitle "playchess.com"]
[Source "ChessBase"]
[SourceQuality "1"]

{[%evp 16,103,20,20,8,-48,-12,0,-7,-68,21,17,9,0,0,0,0,4,41,47,64,64,82,66,98,96,89,93,93,93,91,91,91,93,86,87,97,100,107,90,142,142,142,142,142,142,165,164,149,165,176,164,197,189,201,194,193,193,251,236,227,231,379,345,366,329,454,428,402,388,514,354,349,356,372,350,646,641,1584,1754,5273,5218,5181,5189,5157,5127,4762,4722,4610,1971]} 1. e4 c5 2. Nf3 Nc6 3. Bb5 g6 4. O-O Bg7 5. c3 e5 6. d4 cxd4 7. cxd4 exd4 8. Bf4 a6 9. Bc4 {[%mdl 1024] White has compensation.} d6 {B31: Sicilian: 2...Nc6 3 Bb5 g6.} 10. Nbd2 ({White should play} 10. Qb3 $11 Qd7 11. Nbd2) 10... Nge7 {[#]} 11. Qb3 $146 ({Predecessor:} 11. a3 O-O 12. Rc1 b5 13. Ba2 Bb7 14. Re1 Ne5 15. Qb3 N7c6 16. Bg5 Qd7 17. Rcd1 {0-1 (48) Farahat,A (2404)-Samunenkov,I (2335) Chess.com INT 2021}) 11... O-O {The position is equal.} 12. Qa3 (12. Ng5 $11 d5 13. Bxd5 (13. exd5 Na5 $17) 13... Nxd5 14. exd5) 12... Ne5 (12... d5 $15 13. exd5 Nxd5) 13. Nxe5 $1 $11 Bxe5 14. Bh6 Bg7 15. Bxg7 Kxg7 16. Nf3 b5 {[#]} 17. Bxb5 Bb7 (17... Bg4 18. Bc4) 18. Bd3 {White is more active.} Qb6 {Inhibits Qb4.} 19. Rad1 Rac8 20. Bb1 Rc4 21. b3 Rb4 {[#]} 22. Rxd4 $1 Rxd4 {[#]} 23. Qb2 $1 {[%mdl 64] Pin} Nc6 {aiming for ...f6.} (23... Bxe4 $2 24. Nxd4 Kg8 25. Bxe4 $18) 24. Rd1 $1 {[%mdl 64] Pin} Rc8 {[%cal Of7f6] Threatens to win with ...f6!} 25. Nxd4 $40 {[%mdl 128] White wants a kill.} Nxd4 26. Rxd4 Kg8 {[%cal Ob6d4] ( -> ...Qxd4!)} 27. Rd1 Re8 {[#]} (27... Qb4 $142) 28. Qd4 $1 $16 Qxd4 29. Rxd4 {[%mdl 4096] Endgame KRB-KRB} d5 30. f3 f5 {[%cal Rf5e4]} 31. Kf2 fxe4 32. fxe4 dxe4 33. Ke3 Rc8 34. Rc4 {Inhibits Rc1.} (34. Bxe4 $6 Bxe4 35. Rxe4 (35. Kxe4 Rc2 $14) 35... Rc2 $16) 34... Rd8 35. Bxe4 Bxe4 36. Rxe4 $18 {KR-KR} ({Much less strong is} 36. Kxe4 $6 Rd2 $16) 36... Kg7 (36... Rd1 {was worth a try.} 37. Re8+ Kf7) 37. Re6 a5 38. Re7+ Kh6 (38... Kg8 {is a better defense.} 39. g3 Ra8) 39. Re5 Ra8 40. Kd3 Rd8+ 41. Kc3 Rc8+ 42. Kb2 Rd8 43. Re2 {To avoid Rd2+} Kg5 44. a3 {[%cal Ba2a3,Ba3b4][%mdl 32]} ({Less strong is} 44. Re5+ Kf6 45. Rc5 (45. Rxa5 Rd2+ 46. Kc3 Rxg2 $16) 45... Rd2+ 46. Rc2 Rd3 47. Rc6+ Ke5 $16) 44... Kf4 45. Kc3 {Strongly threatening b4.} h5 $2 (45... Rc8+ 46. Kd4 Rd8+ 47. Kc4 h6) 46. b4 {White is clearly winning.} axb4+ 47. axb4 {Black must now prevent b5.} Rb8 48. Kc4 Rc8+ 49. Kd5 Rb8 50. Kc5 Rc8+ 51. Kd6 Rb8 52. Rb2 {Weighted Error Value: White=0.10 (very precise) /Black=0.41} 1-0

[Event "New York Winter Invitational IM-C 2022"]
[Site "New York"]
[Date "2022.01.14"]
[Round "2.4"]
[White "Yudasin, Leonid"]
[Black "Zeltsan, Joseph"]
[Result "1-0"]
[WhiteElo "2465"]
[BlackElo "2325"]
[Annotator "TA"]
[PlyCount "50"]
[EventDate "2022.01.11"]
[EventType "tourn"]
[EventCountry "USA"]
[SourceTitle "playchess.com"]
[Source "ChessBase"]
[SourceQuality "1"]

{[%evp 12,50,15,11,8,14,15,8,22,8,7,-8,16,-10,-16,-33,-4,0,0,0,0,0,0,-12,0,0,28,22,17,17,16,27,27,0,0,0,7,0,31,18,9]} 1. e4 c5 2. Nf3 d6 3. Bb5+ Nd7 4. c3 Ngf6 5. Qe2 a6 6. Ba4 {[%cal Bb5a4,Ba4c2,Bc2d3][%mdl 32]} b5 7. Bc2 Bb7 {B51: Sicilian: Moscow Variation (3 Bb5+) without 3...Bd7.} 8. d4 e6 9. O-O Be7 10. Bf4 Rc8 11. h3 Qc7 {[#]} 12. Bd3 $146 ({Predecessor:} 12. a4 bxa4 13. e5 Nd5 14. Bh2 cxd4 15. Nxd4 dxe5 16. Bxa4 O-O 17. Bxd7 Qxd7 18. Bxe5 {½-½ (65) Apryshko,G (2295)-Oparin,G (2496) Moscow 2013}) 12... O-O 13. Nbd2 Rfe8 (13... e5 $5 {[%cal Re5f4]} 14. Bg3 c4 $11) 14. Bh2 cxd4 15. cxd4 e5 16. a4 bxa4 17. dxe5 dxe5 18. Rxa4 a5 19. Rc4 $1 Qb8 20. Rxc8 Rxc8 {[%cal Be8c8,Bc8c5,Bc5b5,Bb5b4][%mdl 32]} 21. Nc4 {[%cal Rf3e5]} Rc5 22. Nd4 Bd8 23. Nb3 Rb5 24. Qc2 Bc7 {[%cal Ob7e4]} (24... Ba6 $5 {[%cal Rb5b3]} 25. Nbd2 Rc5 $11) 25. Ncd2 Rb4 {[%mdl 32768] Not much happened in this game.  Weighted Error Value: White=0.06 (flawless) /Black=0.06 (flawless) . Loss on time!?} 1-0

[Event "New York Winter Invitational IM-C 2022"]
[Site "New York"]
[Date "2022.01.15"]
[Round "3.1"]
[White "Paciorkowski, Lev"]
[Black "Rahul Srivatshav P"]
[Result "1/2-1/2"]
[WhiteElo "2335"]
[BlackElo "2466"]
[Annotator "TA"]
[PlyCount "79"]
[EventDate "2022.01.11"]
[EventType "tourn"]
[EventCountry "USA"]
[SourceTitle "playchess.com"]
[Source "ChessBase"]
[SourceQuality "1"]

{[%evp 14,79,22,28,43,21,19,-5,0,0,31,0,54,22,18,21,20,25,28,30,65,79,80,70,70,79,64,42,35,28,41,0,0,0,0,0,0,0,0,0,0,0,0,0,0,0,0,0,0,0,0,0,0,0,0,0,0,0,0,0,0,0,0,0,0,0,0,0]} 1. e4 c5 2. Nf3 e6 3. g3 Nc6 4. Bg2 d5 5. exd5 exd5 6. O-O Nf6 7. d4 cxd4 8. Nxd4 {[%cal Oc2c4]} Be7 {B44: Sicilian: Taimanov: 5 Nb5.} 9. Re1 O-O 10. h3 {[#] Inhibits Bg4.} Nxd4 $146 ({Predecessor:} 10... h6 11. Be3 Ne4 12. Nd2 Bf6 13. Nxe4 dxe4 14. Nxc6 bxc6 15. Bxe4 Bxh3 16. Qxd8 Rfxd8 17. Bxc6 {1-0 (36) Krishnakumar,S (2026)-Nitin,S (2381) Chess.com INT 2021}) 11. Qxd4 Bf5 12. c3 Be4 (12... Rc8 $11) 13. Be3 b6 14. Nd2 {[%cal Rd2e4]} Bc5 15. Qa4 {[%cal Rd2e4]} Bxg2 16. Kxg2 Qd7 17. Qxd7 Nxd7 18. Nb3 Bxe3 19. Rxe3 Rfe8 20. Rae1 Kf8 21. Nd4 Nc5 22. Nb5 (22. Rd1 $14) 22... Nd3 $11 {The position is equal.} 23. Rxe8+ Rxe8 24. Rxe8+ Kxe8 {[%mdl 4096] Endgame KN-KN} 25. b4 Nc1 26. a4 Na2 27. a5 bxa5 28. bxa5 Kd7 {[#] White must now prevent ...a6.} 29. a6 Kc6 30. Nxa7+ Kb6 31. Nb5 {Hoping for a7.} Kxa6 (31... Kxb5 $2 32. a7 $18) 32. Nc7+ Kb6 33. Nxd5+ Kc5 34. c4 Kxc4 35. Ne3+ Kc5 36. Nf5 g6 37. Nh6 f5 38. Ng8 Kd6 39. Nf6 h6 40. g4 {Weighted Error Value: White=0.08 (flawless) /Black=0.06 (flawless)} 1/2-1/2

[Event "New York Winter Invitational IM-C 2022"]
[Site "New York"]
[Date "2022.01.15"]
[Round "3.2"]
[White "Zeltsan, Joseph"]
[Black "Uyanga, Byambaa"]
[Result "1-0"]
[WhiteElo "2325"]
[BlackElo "2063"]
[Annotator "TA"]
[PlyCount "67"]
[EventDate "2022.01.11"]
[EventType "tourn"]
[EventCountry "USA"]
[SourceTitle "playchess.com"]
[Source "ChessBase"]
[SourceQuality "1"]

{[%evp 22,67,31,34,37,32,42,0,40,-49,0,0,42,23,17,35,42,17,85,56,220,207,335,347,372,361,360,455,440,448,455,463,457,440,1263,1149,1237,1189,1048,572,1661,1633,2025,1793,29989,29990,29991,29992]} 1. d4 Nf6 2. c4 g6 3. Nc3 Bg7 4. e4 d6 5. Nf3 O-O 6. Be2 e5 7. O-O Nc6 8. Be3 Ng4 9. Bg5 f6 10. Bc1 f5 11. Bg5 {11.dxe5 might become the main line.} Qe8 12. d5 Ne7 {E97: King's Indian: Classical Main Line (6...e5 7 0-0 Nc6): 8 Be3 and 8 d5 Ne7, not 9 Ne1.} 13. c5 {[#]} h6 $146 {[#]} ({Predecessor:} 13... a6 14. Qb3 h6 15. Bc1 Kh8 16. Qa3 fxe4 17. Nxe4 Nxd5 18. cxd6 Bf5 19. Nfd2 c6 20. Re1 {0-1 (51) Zeltsan,J (2335)-Yip,C (2430) Philadelphia 2021}) 14. Bd2 (14. cxd6 $1 $14 cxd6 15. Bxe7 Qxe7 16. Bd3) 14... dxc5 {The position is equal.} 15. b4 (15. Re1 $14) 15... fxe4 (15... Nf6 $1 $15 {feels stronger.} 16. Nxe5 fxe4) 16. Nxe4 $11 Nxd5 (16... Bf5 $11 17. Nxc5 b6) 17. Bc4 $36 {[%mdl 2048] White has the initiative.} (17. Bxh6 $5 Nxb4 18. Bc4+ Kh8 19. Bxg7+ Kxg7 20. Re1 $11) 17... c6 {Hoping for ...b5.} 18. bxc5 (18. h3 Ngf6 19. Nd6 Qe6 20. bxc5 Ne8 $15) 18... Qe7 19. Re1 {[%cal Bf1e1,Be1e4,Be4h4][%mdl 32]} ({Reject} 19. h3 Ngf6 20. Nxf6+ Rxf6 $15) 19... Kh7 {[#]} (19... Bf5 $11) 20. Nd6 $1 $16 {Black must now prevent h3.} ({Don't play} 20. h3 $6 Ngf6 21. Nd6 e4 $11) 20... Qc7 $2 {Black cannot hold the game after this.} ({Better is} 20... Be6 $14) 21. h3 $18 e4 (21... Ngf6 $142 22. Nxe5 Bf5) 22. Rxe4 Bxa1 23. Qxa1 Ngf6 24. Rh4 h5 25. Bd3 Qg7 26. Ne5 Ne7 27. Bc3 {[%cal Bd2c3,Bc3e5,Be5f6][%mdl 32]} Bf5 {[#] Inhibits Ng4.} (27... Kg8 $142 28. Nxg6 Nxg6 29. Bc4+ Kh8 30. Bxf6 (30. Rxh5+ Nxh5 31. Bxg7+ Nxg7 $18) 30... Qxf6 31. Qxf6+ Rxf6 32. Rxh5+ Kg7) 28. Ng4 $1 Bxg4 29. hxg4 Ned5 30. Be5 {Strongly threatening gxh5.} Qd7 31. g5 Kg8 32. gxf6 Nxf6 33. Bxf6 {This bishop pair is nice.} Qe6 34. Bc4 {Weighted Error Value: White=0.41/Black=0.74} 1-0

[Event "New York Winter Invitational IM-C 2022"]
[Site "New York"]
[Date "2022.01.15"]
[Round "3.4"]
[White "Dukic, Zachary"]
[Black "Nakada, Akira"]
[Result "0-1"]
[WhiteElo "2140"]
[BlackElo "2249"]
[Annotator "TA"]
[PlyCount "80"]
[EventDate "2022.01.11"]
[EventType "tourn"]
[EventCountry "USA"]
[SourceTitle "playchess.com"]
[Source "ChessBase"]
[SourceQuality "1"]

{[%evp 9,80,2,12,12,25,-6,-6,-8,-20,-3,-12,-14,-8,-10,-10,-24,-22,-32,-20,-31,-19,-58,-30,-29,-16,-16,22,-46,-53,-47,-44,-44,-44,-44,-44,-44,0,-52,-52,-52,-52,-52,-33,-32,-32,-42,-23,-83,-111,-138,-146,-818,-845,-1339,-1351,-1296,-1225,-1839,-1755,-1509,-1467,-1739,-1695,-12838,-12839,-12831,-12829,-29982,-29983,-29990,-29991,-29991,-793]} 1. d4 Nf6 2. c4 e6 3. Nc3 Bb4 4. f3 c5 5. d5 b5 6. e4 {E20: Nimzo-Indian: 4 g3 and 4 f3.} d6 $1 {[%mdl 4] is more profitable than 6...bxc4 at the moment.} 7. Nge2 bxc4 {next ...exd5 is good for Black.} 8. Nf4 {The position is equal.} e5 9. Nfe2 Nbd7 10. Ng3 Nb6 11. Be2 Ng8 12. O-O Ne7 13. Re1 O-O 14. Nf1 f5 {[%cal Bf7f5,Bf5f4][%mdl 32] [#]} 15. Be3 $146 ({Predecessor:} 15. Ne3 fxe4 16. fxe4 Ng6 17. Nxc4 Nxc4 18. Bxc4 Nf4 19. Rf1 Bd7 20. a3 Bxc3 21. bxc3 Qh4 22. g3 Nh3+ {0-1 (22) Hua,L (2305)-Wojtaszek,R (2705) Chess.com INT 2020}) 15... f4 16. Bf2 Bxc3 17. bxc3 g5 18. g4 ({Better is} 18. Nd2 $11) 18... h5 19. h3 $1 a5 20. Nd2 Ba6 21. Kg2 Kg7 22. Rh1 Ng6 (22... Rb8 $15 {is superior.}) 23. Qf1 (23. gxh5 $11 Nh4+ 24. Kh2) 23... Rh8 $15 24. Rb1 {[%cal Rd2c4]} Rb8 25. Qc1 Qe8 26. Qa3 {Hoping for gxh5.} a4 {[%cal Ba5a4,Ba4a3][%mdl 32]} 27. Qc1 Qd7 28. Qf1 (28. a3 $11 {remains equal.}) 28... a3 $17 {Black is more active.} 29. gxh5 Rxh5 30. Nxc4 $2 {[%mdl 8192] This move loses the game for White.} (30. Qc1 $17) 30... Bxc4 $19 31. Bxc4 {[#]} Nxc4 $1 32. Rxb8 Nh4+ {[%mdl 64] Overworked Piece} 33. Bxh4 Ne3+ 34. Kf2 Nxf1 35. Rxf1 Qxh3 36. Rfb1 Qxh4+ 37. Ke2 Rh8 38. R8b7+ Kg6 {Black mates.} 39. Rd7 Qh2+ 40. Kd3 c4+ {Weighted Error Value: White=0.84/Black=0.06 (flawless)} 0-1

[Event "New York Winter Invitational IM-C 2022"]
[Site "New York"]
[Date "2022.01.15"]
[Round "3.5"]
[White "Eckert, Doug"]
[Black "Narayanan, Samrug"]
[Result "0-1"]
[WhiteElo "2206"]
[BlackElo "2320"]
[Annotator "TA"]
[PlyCount "48"]
[EventDate "2022.01.11"]
[EventType "tourn"]
[EventCountry "USA"]
[SourceTitle "playchess.com"]
[Source "ChessBase"]
[SourceQuality "1"]

{[%evp 14,48,13,0,3,0,5,0,0,-6,-3,0,11,0,16,15,36,0,0,0,0,0,9,0,0,0,26,-107,-104,-464,-464,-474,-381,-381,-379,-435,-414]} 1. d4 d5 2. c4 c6 3. Nc3 Nf6 4. e3 e6 5. Nf3 Nbd7 6. Be2 Bd6 7. O-O O-O 8. b3 b6 {D45: Semi-Slav: 5 e3.} 9. Bb2 Bb7 10. Bd3 Re8 {The position is equal.} 11. Re1 Rc8 12. Rc1 {[%cal Ba1c1,Bc1c2,Bc2d2][%mdl 32]} h6 13. Rc2 c5 14. cxd5 exd5 {[#]} 15. dxc5 $146 (15. Bf5 $5 {[%cal Rd4c5]}) ({Predecessor:} 15. Qe2 Ne4 16. Ba6 Bxa6 17. Qxa6 Nb8 18. Qf1 Nc6 19. dxc5 Nb4 20. Rcc1 bxc5 21. a3 {1-0 (37) Neelash,S (2418)-Subrota,B (2282) Dhaka 2021}) 15... bxc5 16. Bf5 Bc6 {Prevents Nb5.} 17. Rd2 {[%cal Rc3d5]} Rc7 18. Bd3 Rb7 19. Be2 {[%cal Rc3d5]} Qe7 {[%cal Od5d4]} 20. g3 (20. Nxd5 $11 Bxd5 21. Rxd5 Nxd5 22. Qxd5) 20... d4 $1 $17 {[%cal Od4e3]} 21. e4 {[%mdl 8192] [#] This move loses the game for White.} (21. Nh4 $17 {is tougher.} dxc3 22. Rxd6) 21... dxc3 $19 22. Rxd6 cxb2 23. Rxc6 Qxe4 24. Rd6 b1=Q {Weighted Error Value: White=0.43/Black=0.11 (very precise)} 0-1

[Event "New York Winter Invitational IM-C 2022"]
[Site "New York"]
[Date "2022.01.15"]
[Round "4.1"]
[White "Rahul Srivatshav P"]
[Black "Narayanan, Samrug"]
[Result "1/2-1/2"]
[WhiteElo "2466"]
[BlackElo "2320"]
[Annotator "TA"]
[PlyCount "58"]
[EventDate "2022.01.11"]
[EventType "tourn"]
[EventCountry "USA"]
[SourceTitle "playchess.com"]
[Source "ChessBase"]
[SourceQuality "1"]

{[%evp 16,58,33,33,31,27,29,31,16,25,21,10,9,14,21,4,25,21,10,0,0,11,50,45,51,47,44,34,65,32,49,0,0,0,0,0,0,-11,-11,-4,0,0,-3,-10,-4]} 1. d4 d5 2. c4 e6 3. Nc3 Be7 4. Nf3 Nf6 5. Bf4 O-O 6. e3 b6 {[%cal Bb7b6,Bb6b5,Bb5b4][%mdl 32]} 7. Be2 dxc4 8. Bxc4 Bb7 9. O-O a6 {D37: Queen's Gambit Declined: 5 Bf4.} 10. Qe2 b5 11. Bd3 Nbd7 {White is slightly better. 11...c5 is not played anymore.} 12. Rfd1 Rc8 $1 13. Ne5 h6 {[#]} 14. a4 $146 ({Predecessor:} 14. Rac1 c5 15. dxc5 Rxc5 16. Nxd7 Nxd7 17. Bh7+ Kh8 18. Bb1 Qc8 19. a3 Nb6 20. e4 {½-½ (36) Sabel,R (2337)-Heide,E (2265) GER email 2020}) 14... b4 15. Nb1 {[%cal Bc3b1,Bb1d2,Bd2b3][%mdl 32]} a5 16. Nd2 c5 $1 17. dxc5 {[%cal Oc5c6] White wants to play c6!} Nxe5 (17... Bxc5 18. Nec4 $14) (17... Rxc5 18. Nxd7 Qxd7 19. Nb3 $16) 18. Bxe5 {[#] Nb3 is the strong threat.} Qd5 {[%csl Gb7][%cal Rd5g2] Inhibits Nb3.} (18... Bxc5 19. Nb3 Qb6 20. Bb5 $16) 19. f4 $1 Qxc5 20. Bd4 Qc7 21. Nb3 $1 {To avoid Bc5} Nd5 22. Rac1 {White is more active.} ({Don't play} 22. Qg4 Bf6 23. Rac1 Qb8 24. Bxf6 Nxf6 $15) 22... Qd8 23. Ba6 ({Of course not} 23. Qg4 Bf6 24. Bxf6 Qxf6 $11) (23. Rxc8 $14 Bxc8 24. Bc4 (24. Qg4 $2 e5 $19)) 23... Bxa6 $11 {The position is equal.} 24. Qxa6 Rxc1 25. Rxc1 Bf6 26. Qa7 Bxd4 27. Qxd4 Nb6 28. Qxd8 Rxd8 29. Nxa5 {[#] And now Nc6 would win.} Nxa4 {Weighted Error Value: White=0.07 (flawless) /Black=0.04 (flawless)} 1/2-1/2

[Event "New York Winter Invitational IM-C 2022"]
[Site "New York"]
[Date "2022.01.15"]
[Round "4.2"]
[White "Nakada, Akira"]
[Black "Eckert, Doug"]
[Result "1-0"]
[WhiteElo "2249"]
[BlackElo "2206"]
[Annotator "ChessBase"]
[PlyCount "75"]
[EventDate "2022.01.11"]
[EventType "tourn"]
[EventCountry "USA"]
[SourceTitle "playchess.com"]
[Source "ChessBase"]
[SourceQuality "1"]
[TimeControl "5400+30"]

1. c4 {[%emt 0:00:06]} e6 {[%emt 0:05:19]} 2. Nc3 {[%emt 0:00:08]} d5 {[%emt 0:00:07]} 3. e3 {[%emt 0:00:05]} Nf6 {[%emt 0:01:26]} 4. Nf3 {[%emt 0:00:05]} Be7 {[%emt 0:03:11]} 5. b3 {[%emt 0:00:06]} O-O {[%emt 0:01:41]} 6. Bb2 {[%emt 0:00:05]} c5 {[%emt 0:00:15]} 7. cxd5 {[%emt 0:00:08]} exd5 {[%emt 0:01:47]} 8. d4 {[%emt 0:00:07]} Nc6 {[%emt 0:01:59]} 9. Bb5 {[%emt 0:00:23]} Bg4 {[%emt 0:11:34]} 10. Bxc6 {[%emt 0:05:26]} bxc6 {[%emt 0:00:07]} 11. dxc5 {[%emt 0:00:08]} Bxc5 {[%emt 0:01:19]} 12. O-O {[%emt 0:00:04]} Rc8 {[%emt 0:03:48]} 13. Rc1 {[%emt 0:01:48]} Bd6 {[%emt 0:02:48]} 14. Ne2 {[%emt 0:07:48]} Re8 {[%emt 0:02:57]} 15. Nf4 {[%emt 0:03:00]} Ne4 {[%emt 0:09:12]} 16. h3 {[%emt 0:02:50]} Bxf3 {[%emt 0:04:35]} 17. Qxf3 {[%emt 0:01:14]} Qh4 {[%emt 0:08:25]} 18. Rfd1 {[%emt 0:04:03]} Ng5 {[%emt 0:08:17]} 19. Qh5 {[%emt 0:01:13]} Qxh5 {[%emt 0:00:06]} 20. Nxh5 {[%emt 0:00:02]} Bf8 {[%emt 0:00:35]} 21. Rd4 {[%emt 0:07:03]} Red8 {[%emt 0:02:48]} 22. Ra4 {[%emt 0:02:33]} c5 {[%emt 0:10:27]} 23. Rxa7 {[%emt 0:01:15]} c4 {[%emt 0:00:16]} 24. Ra4 {[%emt 0:17:51]} cxb3 {[%emt 0:00:44]} 25. Rxc8 {[%emt 0:03:10]} Rxc8 {[%emt 0:00:03]} 26. axb3 {[%emt 0:00:05]} Rc2 {[%emt 0:05:21]} 27. Bd4 {[%emt 0:00:05]} Rc1+ {[%emt 0:03:33]} 28. Kh2 {[%emt 0:00:08]} Rb1 {[%emt 0:00:14]} 29. Ra8 {[%emt 0:00:58]} f6 {[%emt 0:01:12]} 30. Bc5 {[%emt 0:02:37]} Ne6 {[%emt 0:00:19]} 31. Bxf8 {[%emt 0:00:51]} Nxf8 {[%emt 0:00:04]} 32. Nf4 {[%emt 0:00:07]} Kf7 {[%emt 0:01:20]} 33. Nxd5 {[%emt 0:01:33]} Rxb3 {[%emt 0:00:55]} 34. Ra7+ {[%emt 0:00:09]} Kg6 {[%emt 0:02:15]} 35. Ne7+ {[%emt 0:01:47]} Kg5 {[%emt 0:01:24]} 36. f4+ {[%emt 0:00:07]} Kh6 {[%emt 0:01:21]} 37. g4 {[%emt 0:00:05]} Ng6 {[%emt 0:02:53]} 38. Nf5# {[%emt 0:00:09]} 1-0